| 000 | 00659cam a2200205 4500 | ||
|---|---|---|---|
| 001 | D2341 | ||
| 008 | 090401t1971 xxu||||| |||| 00| 0 eng d | ||
| 035 | _a(Sirsi) u97939 | ||
| 041 | _aeng | ||
| 050 | _a389.152 | ||
| 100 | _aJohnson, T.A. | ||
| 245 | _aMetrication matters: a handbook on metrication particularly for those interested in urban and rural property | ||
| 260 |
_aLondon _bRICS on behalf of the Chartered Land Soc _c1971 |
||
| 300 | _aviii. 78p | ||
| 350 | _a0 | ||
| 520 | _aShelved at Archives box 1970/23 ABCDE Archives A Reference B Loan CDE | ||
| 710 |
_aChartered Land Societies Committee _91044 |
||
| 942 | _n0 | ||
| 948 | _c04/03/1997 | ||
| 999 |
_c99030 _d99030 |
||